[Event "Biel MTO op 47th"]
[Site "Biel"]
[Date "2014.07.22"]
[Round "8"]
[White "Donchenko, Anatoly G"]
[Black "Karrer, Damian"]
[Result "1-0"]
[WhiteElo "2360"]
[BlackElo "2169"]
[PlyCount "87"]
[EventDate "2014.07.14"]
[EventType "swiss"]
[EventRounds "11"]
[EventCountry "SUI"]
[SourceTitle "CBM 161 Extra"]
[Source "ChessBase"]
[SourceDate "2014.08.29"]
[SourceVersion "1"]
[SourceVersionDate "2014.08.29"]
[SourceQuality "1"]

1. d4 d5 2. c4 c6 3. Nf3 Nf6 4. Qc2 dxc4 5. Qxc4 Bf5 6. g3 e6 7. Bg2 Nbd7 8. Nc3 Be7 9. 0-0 0-0 10. Re1 Bg6 11. Qb3 Qb6 12. e4 Bb4 13. Nh4 c5 14. Nxg6 hxg6 15. d5 Ng4 16. Qc2 c4 17. h3 Nge5 18. Be3 Qa5 19. Rf1 b5 20. a4 Bc5 21. axb5 Qc7 22. Bf4 g5 23. Bxg5 Nf3+ 24. Bxf3 Qxg3+ 25. Bg2 Qxg5 26. Qc1 Qe5 27. Kh1 exd5 28. f4 Qd4 29. Nxd5 Nb6 30. Nc3 Rad8 31. e5 Nc8 32. Qd1 Qe3 33. Qg4 Rd3 34. Nd5 Rxd5 35. Bxd5 Ne7 36. Bg2 Ng6 37. Rae1 Qd2 38. e6 Ne7 39. Re2 Qd3 40. exf7+ Rxf7 41. Re5 Nf5 42. Rd1 Ne3 43. Rxd3 Nxg4 44. Rd8+ 1-0

[Event "Zuerich op-A 35th"]
[Site "Zuerich"]
[Date "2011.12.27"]
[Round "3"]
[White "Maltsev, Leonid"]
[Black "Karrer, Damian"]
[Result "0-1"]
[WhiteElo "1899"]
[BlackElo "2181"]
[PlyCount "62"]
[EventDate "2011.12.26"]
[EventType "swiss"]
[EventRounds "7"]
[EventCountry "SUI"]
[SourceTitle "CBM 146 Extra"]
[Source "ChessBase"]
[SourceDate "2012.02.29"]
[SourceVersion "1"]
[SourceVersionDate "2012.02.29"]
[SourceQuality "1"]

1. e4 c5 2. Nf3 e6 3. d4 cxd4 4. Nxd4 a6 5. Bd3 Nc6 6. Nxc6 dxc6 7. 0-0 e5 8. Nd2 Qc7 9. a4 Nf6 10. Nc4 Be6 11. Qe2 Bc5 12. Be3 Nd7 13. Rfd1 0-0 14. a5 h6 15. c3 Rad8 16. Rd2 Bxe3 17. Qxe3 Bxc4 18. Bxc4 Nf6 19. Bd3 c5 20. b3 Rd6 21. f3 Rfd8 22. Kh1 R8d7 23. g3 Qd8 24. Rad1 Qxa5 25. c4 Qc3 26. f4 Ng4 27. Qxc5 Kh7 28. Qc8 Ne3 29. fxe5 Rxd3 30. Qxd7 Rxd7 31. Rxd7 Nxd1 0-1

[Event "AUT-chT2W 1112"]
[Site "Austria"]
[Date "2011.11.04"]
[Round "4.4"]
[White "Karrer, Damian"]
[Black "Hecht, Hans Joachim"]
[Result "0-1"]
[WhiteElo "2184"]
[BlackElo "2379"]
[PlyCount "96"]
[EventDate "2011.10.07"]
[EventType "team-tourn"]
[EventRounds "11"]
[EventCountry "AUT"]
[SourceTitle "EXT 2012"]
[Source "ChessBase"]
[SourceDate "2011.11.24"]
[SourceVersion "1"]
[SourceVersionDate "2011.11.24"]
[SourceQuality "1"]
[WhiteTeam "Bregenz"]
[BlackTeam "Schwarzach"]
[WhiteTeamCountry "AUT"]
[BlackTeamCountry "AUT"]

1. e4 e6 2. d4 d5 3. Nc3 Nc6 4. e5 Bd7 5. f4 Nh6 6. Be3 Bb4 7. Qd2 Ng4 8. a3 Ba5 9. Nf3 Nxe3 10. Qxe3 Ne7 11. Bd3 Bxc3+ 12. bxc3 c5 13. 0-0 c4 14. Be2 Ba4 15. Qd2 Qd7 16. Rab1 Nc6 17. Rb2 0-0-0 18. Rf2 f5 19. exf6 gxf6 20. Bf1 Kb8 21. Re2 Rhe8 22. g3 Qd6 23. Ra2 Ka8 24. Qe1 Re7 25. Bg2 a6 26. Bh3 Rde8 27. Nh4 Na7 28. Qb1 Bd7 29. Qb4 Qxb4 30. cxb4 Nb5 31. Rd2 e5 32. Bxd7 Rxd7 33. dxe5 fxe5 34. fxe5 Rxe5 35. Ra1 d4 36. Nf3 Re3 37. Kg2 d3 38. Kf2 Rde7 39. cxd3 c3 40. Rdd1 Re2+ 41. Kf1 Rb2 42. a4 Rf7 43. axb5 Rxf3+ 44. Kg1 Rff2 45. bxa6 Rg2+ 46. Kf1 Rbf2+ 47. Ke1 Rxh2 48. a7 Rb2 0-1

[Event "Biel MTO op 44th"]
[Site "Biel"]
[Date "2011.07.18"]
[Round "1"]
[White "Ni, Hua"]
[Black "Karrer, Damian"]
[Result "1-0"]
[WhiteElo "2662"]
[BlackElo "2213"]
[PlyCount "63"]
[EventDate "2011.07.18"]
[EventType "swiss"]
[EventRounds "11"]
[EventCountry "SUI"]
[SourceTitle "CBM 143 Extra"]
[Source "ChessBase"]
[SourceDate "2011.08.29"]
[SourceVersion "1"]
[SourceVersionDate "2011.08.29"]
[SourceQuality "1"]

1. e4 c5 2. Nf3 e6 3. d4 cxd4 4. Nxd4 a6 5. Bd3 Nc6 6. Nxc6 dxc6 7. 0-0 e5 8. Nd2 Qc7 9. a4 Nf6 10. Nc4 Bc5 11. Bg5 Be6 12. Qf3 Nd7 13. a5 h5 14. c3 f6 15. Be3 0-0-0 16. b4 Bxe3 17. Qxe3 Kb8 18. Rfd1 Nf8 19. h4 Ng6 20. g3 Qf7 21. Nb6 f5 22. Qg5 f4 23. Bc4 Rdg8 24. Rd7 Qe8 25. Bxe6 Qxe6 26. Qf5 Qe8 27. Rad1 fxg3 28. fxg3 Rf8 29. Rd8+ Qxd8 30. Rxd8+ Rxd8 31. Qxg6 Rd1+ 32. Kg2 1-0

[Event "AUT-chT2W 1011"]
[Site "Austria"]
[Date "2010.10.16"]
[Round "2.5"]
[White "Karrer, Damian"]
[Black "Laske, Erich"]
[Result "1-0"]
[WhiteElo "2194"]
[BlackElo "2090"]
[PlyCount "93"]
[EventDate "2010.10.15"]
[EventType "team-tourn"]
[EventRounds "11"]
[EventCountry "AUT"]
[SourceTitle "EXT 2011"]
[Source "ChessBase"]
[SourceDate "2010.11.26"]
[SourceVersion "1"]
[SourceVersionDate "2010.11.26"]
[SourceQuality "1"]
[WhiteTeam "Dornbirn"]
[BlackTeam "Goetzis"]
[WhiteTeamCountry "AUT"]
[BlackTeamCountry "AUT"]

1. e4 c5 2. Nf3 a6 3. c3 d6 4. d4 Nf6 5. e5 dxe5 6. Nxe5 e6 7. Be2 Be7 8. 0-0 cxd4 9. cxd4 Nbd7 10. Bf4 Nd5 11. Bg3 0-0 12. Nc3 N7f6 13. Bf3 Qa5 14. Qb3 Qb4 15. Nxd5 Nxd5 16. Bxd5 exd5 17. Qxb4 Bxb4 18. Rac1 Ba5 19. Nd3 Bd7 20. Bc7 Bd2 21. Rc5 Rfe8 22. Rd1 Bh6 23. Rxd5 Bg4 24. f3 Be3+ 25. Nf2 Be6 26. Re5 Bxa2 27. Re1 Rxe5 28. Bxe5 Bd2 29. Re2 Bb4 30. Ne4 Rc8 31. Kf2 Rc1 32. Bd6 Bc4 33. Bxb4 Bxe2 34. Kxe2 Rc2+ 35. Kd3 Rxb2 36. Kc3 Rxg2 37. d5 a5 38. Bc5 Rg6 39. d6 Rxd6 40. Nxd6 h5 41. Nxb7 a4 42. Kd4 Kh7 43. Ba3 Kg6 44. Ke4 Kg5 45. Nd6 f6 46. Nf5 g6 47. Bc1# 1-0

[Event "AUT-chT2W 0910"]
[Site "Austria"]
[Date "2010.03.13"]
[Round "10.4"]
[White "Pflug, Matthias"]
[Black "Karrer, Damian"]
[Result "1/2-1/2"]
[WhiteElo "2270"]
[BlackElo "2159"]
[PlyCount "65"]
[EventDate "2009.10.23"]
[EventType "team-tourn"]
[EventRounds "11"]
[EventCountry "AUT"]
[SourceTitle "EXT 2011"]
[Source "ChessBase"]
[SourceDate "2010.11.26"]
[SourceVersion "1"]
[SourceVersionDate "2010.11.26"]
[SourceQuality "1"]
[WhiteTeam "Salzburg Sued"]
[BlackTeam "Dornbirn"]
[WhiteTeamCountry "AUT"]
[BlackTeamCountry "AUT"]

1. e4 c5 2. Nf3 Nc6 3. d4 cxd4 4. Nxd4 Nf6 5. Nc3 e5 6. Ndb5 d6 7. Bg5 a6 8. Na3 b5 9. Bxf6 gxf6 10. Nd5 f5 11. Bd3 Be6 12. 0-0 Bxd5 13. exd5 Ne7 14. c3 Bg7 15. Qh5 e4 16. Bc2 0-0 17. Rae1 Qc8 18. f3 b4 19. cxb4 Bxb2 20. fxe4 Bxa3 21. Re3 Qxc2 22. Rg3+ Ng6 23. Rh3 Rfd8 24. Qxh7+ Kf8 25. Rh5 Ne5 26. Rhxf5 Ra7 27. Rxe5 dxe5 28. Qh8+ Ke7 29. Qxe5+ Kf8 30. Qh8+ Ke7 31. Qe5+ Kf8 32. Qh8+ Ke7 33. Qe5+ 1/2-1/2

[Event "AUT-chT2W 0910"]
[Site "Austria"]
[Date "2009.11.27"]
[Round "4.3"]
[White "Karrer, Damian"]
[Black "Rusche, Johannes"]
[Result "1-0"]
[WhiteElo "2159"]
[BlackElo "2170"]
[PlyCount "100"]
[EventDate "2009.10.23"]
[EventType "team-tourn"]
[EventRounds "11"]
[EventCountry "AUT"]
[SourceTitle "CBM 133 Extra"]
[Source "ChessBase"]
[SourceDate "2010.01.05"]
[SourceVersion "1"]
[SourceVersionDate "2010.01.05"]
[SourceQuality "1"]
[WhiteTeam "Dornbirn"]
[BlackTeam "Kufstein"]
[WhiteTeamCountry "AUT"]
[BlackTeamCountry "AUT"]

1. e4 c5 2. Nf3 e6 3. d4 cxd4 4. Nxd4 a6 5. c4 Nf6 6. Nc3 Bb4 7. Bd3 Qc7 8. 0-0 Bxc3 9. bxc3 d6 10. Bg5 Nbd7 11. f4 Qc5 12. Kh1 h6 13. Bh4 Qh5 14. Qe1 g5 15. Bg3 gxf4 16. Rxf4 Qg5 17. Rf1 Ng4 18. Bxd6 Nge5 19. Qe2 Rg8 20. Rad1 Qg7 21. Rg1 b6 22. Nf3 Nxd3 23. Qxd3 Bb7 24. Be7 Bc6 25. Qd6 Ba4 26. c5 f6 27. Qxe6 Qf7 28. Qxf7+ Kxf7 29. Rd4 Bb5 30. Bd6 bxc5 31. Rd2 Rae8 32. Re1 Re6 33. Bf4 h5 34. Rd5 Bc6 35. Rxh5 Rxe4 36. Rxe4 Bxe4 37. Ne1 Re8 38. Bg3 Ke6 39. Kg1 Bg6 40. Rh4 Kd5 41. Kf2 Ne5 42. Bxe5 fxe5 43. Ke3 Bb1 44. Ra4 Ra8 45. Nf3 a5 46. Nd2 Bc2 47. Rh4 Rb8 48. Rh6 c4 49. Ra6 Rb5 50. h4 Bd1 1-0

[Event "AUT-chT2W 0910"]
[Site "Austria"]
[Date "2009.10.25"]
[Round "3.4"]
[White "Laske, Erich"]
[Black "Karrer, Damian"]
[Result "1-0"]
[WhiteElo "2076"]
[BlackElo "2159"]
[PlyCount "59"]
[EventDate "2009.10.23"]
[EventType "team-tourn"]
[EventRounds "11"]
[EventCountry "AUT"]
[SourceTitle "CBM 133 Extra"]
[Source "ChessBase"]
[SourceDate "2010.01.05"]
[SourceVersion "1"]
[SourceVersionDate "2010.01.05"]
[SourceQuality "1"]
[WhiteTeam "Goetzis"]
[BlackTeam "Dornbirn"]
[WhiteTeamCountry "AUT"]
[BlackTeamCountry "AUT"]

1. c4 e5 2. Nc3 Nf6 3. Nf3 Nc6 4. e4 Bc5 5. Nxe5 Nxe5 6. d4 Bb4 7. dxe5 Nxe4 8. Qd4 f5 9. exf6 Bxc3+ 10. bxc3 Nxf6 11. Ba3 d6 12. c5 Qe7+ 13. Be2 d5 14. 0-0 0-0 15. Bf3 c6 16. Rfe1 Qf7 17. Re2 Bf5 18. Rae1 Rae8 19. Bc1 Rxe2 20. Rxe2 Re8 21. Re5 Nd7 22. Re3 Re6 23. Be2 Qe7 24. c4 Qxc5 25. Qf4 Be4 26. Qc7 Nb6 27. Ba3 Qd4 28. Qd8+ Kf7 29. Bh5+ Rg6 30. Qe7+ 1-0

[Event "Graz op-A 16th"]
[Site "Graz"]
[Date "2009.09.05"]
[Round "8"]
[White "Karrer, Damian"]
[Black "Titz, Heimo"]
[Result "0-1"]
[WhiteElo "2159"]
[BlackElo "2273"]
[PlyCount "74"]
[EventDate "2009.08.29"]
[EventType "swiss"]
[EventRounds "9"]
[EventCountry "AUT"]
[SourceTitle "CBM 132 Extra"]
[Source "ChessBase"]
[SourceDate "2009.11.03"]
[SourceVersion "1"]
[SourceVersionDate "2009.11.03"]
[SourceQuality "1"]

1. e4 c5 2. Nf3 e6 3. d4 cxd4 4. Nxd4 Nc6 5. Nb5 d6 6. c4 a6 7. N5c3 Nf6 8. Be3 Be7 9. Be2 0-0 10. 0-0 Qc7 11. Na3 Ne5 12. Rc1 b6 13. f4 Ned7 14. Bf3 Bb7 15. Qe2 Rac8 16. Rfd1 Rfe8 17. Bf2 Qb8 18. Rc2 Bc6 19. Rcd2 e5 20. f5 h6 21. Nc2 b5 22. cxb5 axb5 23. Nb4 Ba8 24. Na6 Qb7 25. Qxb5 Rxc3 26. Qxb7 Bxb7 27. bxc3 Bxa6 28. Bh4 Rc8 29. Bxf6 Nxf6 30. Rc1 Bc4 31. Kf2 d5 32. exd5 Bc5+ 33. Ke1 Be3 34. Rcc2 Bxd2+ 35. Kxd2 Nxd5 36. Be2 Bxe2 37. Kxe2 Rxc3 0-1

[Event "Zuerich op-A 32nd"]
[Site "Zuerich"]
[Date "2008.12.29"]
[Round "5"]
[White "Karrer, Damian"]
[Black "Schiendorfer, Emanuel"]
[Result "0-1"]
[WhiteElo "2108"]
[BlackElo "2240"]
[PlyCount "66"]
[EventDate "2008.12.26"]
[EventType "swiss"]
[EventRounds "7"]
[EventCountry "SUI"]
[SourceTitle "CBM 127 Extra"]
[Source "ChessBase"]
[SourceDate "2009.01.08"]
[SourceVersion "2"]
[SourceVersionDate "2009.01.28"]
[SourceQuality "1"]

1. e4 c5 2. Nf3 d6 3. d4 Nf6 4. Nc3 cxd4 5. Nxd4 a6 6. a4 e5 7. Nf3 Qc7 8. Bg5 Nbd7 9. Nd2 h6 10. Bxf6 Nxf6 11. Bc4 Be6 12. Bxe6 fxe6 13. h4 Be7 14. Qf3 Qd7 15. Qg3 0-0 16. Qh3 b5 17. 0-0 b4 18. Ne2 Rac8 19. Rac1 Bd8 20. b3 Qe7 21. Kh1 Nd7 22. h5 Bb6 23. f3 Be3 24. Rfd1 Rc7 25. Nc4 Bxc1 26. Nxc1 Rxc4 27. bxc4 Rc8 28. Nb3 Rxc4 29. Rd2 Nf6 30. Qh2 Qc7 31. g4 d5 32. exd5 exd5 33. Re2 Rf4 0-1

[Event "Thun op"]
[Site "Thun"]
[Date "2008.05.11"]
[Round "5"]
[White "Tellenbach, Erwin"]
[Black "Karrer, Damian"]
[Result "0-1"]
[WhiteElo "1826"]
[BlackElo "2032"]
[PlyCount "96"]
[EventDate "2008.05.09"]
[EventType "swiss"]
[EventRounds "7"]
[EventCountry "SUI"]
[SourceTitle "CBM 124 Extra"]
[Source "ChessBase"]
[SourceDate "2008.07.03"]
[SourceVersion "1"]
[SourceVersionDate "2008.07.03"]
[SourceQuality "1"]

1. c4 f5 2. Nf3 Nf6 3. Nc3 g6 4. e3 Bg7 5. d4 0-0 6. Be2 d6 7. Qc2 Qe8 8. b3 e5 9. dxe5 dxe5 10. Bb2 e4 11. Nd4 c6 12. Ba3 Rf7 13. c5 Re7 14. Bc4+ Kh8 15. h3 Nbd7 16. b4 Ne5 17. Nce2 Nfd7 18. 0-0-0 Nxc4 19. Qxc4 Ne5 20. Qc2 Nd3+ 21. Rxd3 exd3 22. Qxd3 Be6 23. Nxe6 Rxe6 24. Rd1 Qf7 25. Kb1 Ree8 26. Bb2 Bxb2 27. Kxb2 Qf6+ 28. Qd4 Kg7 29. g4 fxg4 30. hxg4 Rad8 31. Qxf6+ Kxf6 32. Rxd8 Rxd8 33. Kc2 h5 34. gxh5 gxh5 35. Nf4 h4 36. f3 Kf5 37. Nh3 Rg8 38. Kd3 Rg3 39. Nf2 Rxf3 40. Ke2 Rxf2+ 41. Kxf2 Ke4 42. a4 a6 43. Ke2 h3 44. Kf2 h2 45. Kg2 Kxe3 46. Kxh2 Kd4 47. b5 axb5 48. axb5 cxb5 0-1

[Event "Thun op"]
[Site "Thun"]
[Date "2008.05.10"]
[Round "2"]
[White "Karrer, Damian"]
[Black "Seps, Monika"]
[Result "0-1"]
[WhiteElo "2032"]
[BlackElo "2237"]
[PlyCount "48"]
[EventDate "2008.05.09"]
[EventType "swiss"]
[EventRounds "7"]
[EventCountry "SUI"]
[SourceTitle "CBM 124 Extra"]
[Source "ChessBase"]
[SourceDate "2008.07.03"]
[SourceVersion "1"]
[SourceVersionDate "2008.07.03"]
[SourceQuality "1"]

1. e4 c5 2. Nf3 Nf6 3. Nc3 d5 4. exd5 Nxd5 5. Bc4 e6 6. 0-0 Nc6 7. d3 Be7 8. Ne4 0-0 9. a4 b6 10. Re1 Bb7 11. c3 Qc7 12. Ba2 Rad8 13. Qc2 Nf4 14. Neg5 Bxg5 15. Nxg5 Nxg2 16. Rxe6 Ne5 17. Qe2 Nf3+ 18. Nxf3 fxe6 19. Qxe6+ Kh8 20. Ne5 Nh4 21. Nf7+ Rxf7 22. Qxf7 Qc6 23. f3 Nxf3+ 24. Kf2 Ne5 0-1

[Event "Zuerich op-A 30th"]
[Site "Zuerich"]
[Date "2006.12.27"]
[Round "3"]
[White "Wyss, Jonas"]
[Black "Karrer, Damian"]
[Result "0-1"]
[WhiteElo "2089"]
[BlackElo "2006"]
[PlyCount "50"]
[EventDate "2006.12.26"]
[EventType "swiss"]
[EventRounds "7"]
[EventCountry "SUI"]
[SourceTitle "CBM 116 Extra"]
[Source "ChessBase"]
[SourceDate "2007.03.07"]
[SourceVersion "1"]
[SourceVersionDate "2007.03.07"]
[SourceQuality "1"]

1. e4 Nf6 2. e5 Nd5 3. d4 d6 4. Nf3 Bg4 5. Be2 c6 6. c4 Nc7 7. Nbd2 dxe5 8. Nxe5 Bxe2 9. Qxe2 Qxd4 10. Ndf3 Qc5 11. Ng5 f6 12. Qh5+ g6 13. Nxg6 hxg6 14. Qxg6+ Kd7 15. Nf7 Rh4 16. 0-0 Qxc4 17. Rd1+ Nd5 18. Qf5+ Kc7 19. g3 Qe4 20. Rxd5 cxd5 21. Bf4+ Rxf4 22. Qxf4+ Qxf4 23. gxf4 Nc6 24. Kh1 Kd7 25. Re1 e6 0-1

[Event "Zuerich op-A 30th"]
[Site "Zuerich"]
[Date "2006.12.26"]
[Round "1"]
[White "Dresen, Ulrich"]
[Black "Karrer, Damian"]
[Result "1/2-1/2"]
[WhiteElo "2319"]
[BlackElo "2006"]
[PlyCount "73"]
[EventDate "2006.12.26"]
[EventType "swiss"]
[EventRounds "7"]
[EventCountry "SUI"]
[SourceTitle "CBM 116 Extra"]
[Source "ChessBase"]
[SourceDate "2007.03.07"]
[SourceVersion "1"]
[SourceVersionDate "2007.03.07"]
[SourceQuality "1"]

1. d4 d5 2. Bf4 Bg4 3. Nf3 Nc6 4. e3 e6 5. c4 Nf6 6. Nc3 h6 7. h3 Bh5 8. Rc1 Ne7 9. Nb5 Rc8 10. Nxa7 Ra8 11. Nb5 Rc8 12. Qa4 Nc6 13. a3 Be7 14. Na7 Ra8 15. Nxc6 Rxa4 16. Nxd8 Kxd8 17. Ne5 c6 18. Bd3 g5 19. Bh2 Rg8 20. cxd5 exd5 21. f3 Nd7 22. Ke2 Nxe5 23. Bxe5 Bg6 24. g4 Kd7 25. Rhd1 Bd6 26. Bxd6 Kxd6 27. Bc2 Bxc2 28. Rxc2 Rga8 29. Kd3 b5 30. Rb1 b4 31. axb4 Rxb4 32. b3 Ra3 33. Rcb2 Rb8 34. e4 Rb4 35. Kc3 Rc4+ 36. Kd3 Rb4 37. Kc3 1/2-1/2

[Event "Winterthur op"]
[Site "Winterthur"]
[Date "2006.10.08"]
[Round "3"]
[White "Seiler, Michael"]
[Black "Karrer, Damian"]
[Result "0-1"]
[WhiteElo "1763"]
[BlackElo "2006"]
[PlyCount "44"]
[EventDate "2006.10.06"]
[EventType "swiss"]
[EventRounds "9"]
[EventCountry "SUI"]
[SourceTitle "EXT 2007"]
[Source "ChessBase"]
[SourceDate "2006.11.23"]
[SourceVersion "1"]
[SourceVersionDate "2006.11.23"]
[SourceQuality "1"]

1. d4 d5 2. c4 Nc6 3. Nc3 dxc4 4. d5 Ne5 5. f4 Ng4 6. e4 e5 7. Be2 h5 8. Qa4+ Bd7 9. Qxc4 N8h6 10. Nf3 exf4 11. Bxf4 Qf6 12. e5 Qb6 13. Nd1 Bb4+ 14. Nd2 Nf5 15. Qe4 0-0-0 16. Rc1 Nd4 17. e6 Bxd2+ 18. Kxd2 Nxe6 19. dxe6 Bc6+ 20. Ke1 Bxe4 21. Bxc7 Qxc7 22. Rxc7+ Kxc7 0-1

[Event "Zuerich op-A 27th"]
[Site "Zuerich"]
[Date "2003.??.??"]
[Round "7"]
[White "Karrer, Damian"]
[Black "Elkuch, Harald"]
[Result "1-0"]
[WhiteElo "1928"]
[BlackElo "2098"]
[PlyCount "41"]
[EventDate "2003.12.26"]
[EventType "swiss"]
[EventRounds "7"]
[EventCountry "SUI"]
[SourceTitle "CBM 097 Extra"]
[Source "ChessBase"]
[SourceDate "2004.01.13"]
[SourceVersion "1"]
[SourceVersionDate "2004.01.13"]
[SourceQuality "1"]

1. e4 c5 2. Nf3 d6 3. d4 cxd4 4. Nxd4 a6 5. Nc3 e6 6. Be3 Qc7 7. Bd3 Nf6 8. 0-0 b5 9. Qe2 Be7 10. f4 Bb7 11. a3 Nbd7 12. Nb3 0-0 13. Rf3 Nc5 14. Rh3 Ncxe4 15. Bd4 e5 16. fxe5 dxe5 17. Nxe4 Nxe4 18. Bxe4 exd4 19. Bxh7+ Kh8 20. Be4+ Kg8 21. Rh8+ 1-0

[Event "SUI-ch U16"]
[Site "Silvaplana"]
[Date "2003.??.??"]
[Round "5"]
[White "Karrer, Damian"]
[Black "Sprenger, Raphael"]
[Result "1-0"]
[WhiteElo "1745"]
[BlackElo "1845"]
[PlyCount "59"]
[EventDate "2003.07.10"]
[EventType "swiss"]
[EventRounds "7"]
[EventCountry "SUI"]
[SourceTitle "CBM 095 Extra"]
[Source "ChessBase"]
[SourceDate "2003.09.04"]
[SourceVersion "1"]
[SourceVersionDate "2003.09.04"]
[SourceQuality "1"]

1. e4 g6 2. d4 Bg7 3. f4 d6 4. Nf3 Nf6 5. Nc3 0-0 6. Be3 Nbd7 7. Bd3 Ng4 8. Bg1 e5 9. dxe5 dxe5 10. f5 gxf5 11. exf5 Qe7 12. Qe2 Nc5 13. h3 Nxd3+ 14. cxd3 Nh6 15. g4 Re8 16. Be3 f6 17. Rg1 Nf7 18. g5 Kh8 19. g6 Nh6 20. Nh4 Bxf5 21. Bxh6 Bxd3 22. Qxd3 Bxh6 23. gxh7 Bd2+ 24. Kxd2 Qd8 25. Qxd8 Raxd8+ 26. Ke3 Kxh7 27. Rad1 Rxd1 28. Rxd1 Re7 29. Nf5 Rf7 30. Rg1 1-0